Quantum theory of angular momentum : Irreducible tensors, spherical harmonics, vector coupling coefficients, 3nj symbols

Wedi'i Gadw mewn:
Manylion Llyfryddiaeth
Prif Awdur: Varshalovich, D. A.
Fformat: Llyfr
Iaith:Undetermined
Cyhoeddwyd: Singapore World Scientific 1988
Pynciau:
Tagiau: Ychwanegu Tag
Dim Tagiau, Byddwch y cyntaf i dagio'r cofnod hwn!
Thư viện lưu trữ: Trung tâm Học liệu Trường Đại học Cần Thơ
LEADER 00744nam a2200193Ia 4500
001 CTU_156859
008 210402s9999 xx 000 0 und d
082 |a 530.12 
082 |b V287 
100 |a Varshalovich, D. A. 
245 0 |a Quantum theory of angular momentum : 
245 0 |b Irreducible tensors, spherical harmonics, vector coupling coefficients, 3nj symbols 
245 0 |c D. A. Varshalovich, A. N. Moskalev, V. K. Khersonskii 
260 |a Singapore 
260 |b World Scientific 
260 |c 1988 
650 |a Angular momentum (Nuclear physics),Quantum theory,Động lượng góc ( vật lý hạt nhân ),Thuyết lượng tử 
904 |i QHieu 
980 |a Trung tâm Học liệu Trường Đại học Cần Thơ